[Event "TCh-FRA Top 12 2018"]
[Site "Brest FRA"]
[Date "2018.06.03"]
[Round "9.1"]
[Board "4"]
[White "Efimov, Igor"]
[Black "Lagarde, Maxime"]
[Result "0-1"]
[WhiteTitle "GM"]
[BlackTitle "GM"]
[WhiteElo "2413"]
[BlackElo "2604"]
[WhiteTeam "C.E.M.C. Monaco"]
[BlackTeam "NICE Alekhine"]
[WhiteFideId "806404"]
[BlackFideId "662399"]
[EventDate "2018.05.26"]

1. d4 Nf6 2. Nf3 c5 3. c3 d5 4. Bf4 e6 5. e3 Nc6 6. Nbd2 cxd4 7. exd4 Nh5 8. Bg5
f6 9. Bh4 Bd6 10. Ne5 g6 11. Nd3 O-O 12. Be2 Ng7 13. Bg3 e5 14. Qb3 Be6 15. Qxb7
Qe8 16. Qa6 Rb8 17. dxe5 fxe5 18. O-O Rb6 19. Qa4 Nd4 20. Qd1 Nxe2+ 21. Qxe2 e4
22. Nc1 Bxg3 23. fxg3 Rxb2 24. Ncb3 Rxf1+ 25. Qxf1 Rc2 26. Qf6 Bf7 27. g4 Ne6
28. h3 Qd8 29. Qe5 Qc7 30. Qxd5 e3 31. Qe4 Rxc3 32. Nf3 Qg3 33. Kh1 Nf4 34. Ng5
e2 0-1

[Event "TCh-FRA Top 12 2018"]
[Site "Brest FRA"]
[Date "2018.06.03"]
[Round "9.1"]
[Board "5"]
[White "Barseghyan, Harutyun"]
[Black "Dornbusch, Tatiana"]
[Result "1-0"]
[WhiteTitle "IM"]
[BlackTitle "WGM"]
[WhiteElo "2471"]
[BlackElo "2290"]
[WhiteTeam "NICE Alekhine"]
[BlackTeam "C.E.M.C. Monaco"]
[WhiteFideId "13304585"]
[BlackFideId "14107449"]
[EventDate "2018.05.26"]

1. d4 Nf6 2. Nf3 c5 3. d5 b5 4. Bg5 Qb6 5. Bxf6 Qxf6 6. c3 Bb7 7. e4 Qb6 8. a4
bxa4 9. Na3 g6 10. Nc4 Qb3 11. Qxb3 axb3 12. Nfd2 e6 13. Na5 Ba6 14. Bc4 Bxc4
15. Naxc4 a5 16. Nxb3 a4 17. O-O d6 18. Nba5 Be7 19. Rxa4 O-O 20. Rfa1 Re8 21.
f3 Ra7 22. Nc6 Nxc6 23. Rxa7 Nxa7 24. Rxa7 Kf8 25. Kf2 exd5 26. exd5 Rb8 27. Ke2
h5 28. Kd3 Ke8 29. Kc2 Kf8 30. Ra6 Rd8 31. b4 cxb4 32. cxb4 Rb8 33. Kb3 Rb5 34.
Ra5 Rb8 35. Na3 Bg5 36. b5 Bd2 37. Ra6 Bc1 38. b6 Be3 39. Nc4 Bc5 40. Ka4 Ke8
41. Kb5 Kd8 42. Ra7 Ke8 43. Kc6 Kf8 44. Rc7 Bxb6 45. Nxb6 1-0

[Event "TCh-FRA Top 12 2018"]
[Site "Brest FRA"]
[Date "2018.06.03"]
[Round "9.1"]
[Board "6"]
[White "Meylan, Andre"]
[Black "Flear, Glenn C"]
[Result "0-1"]
[BlackTitle "GM"]
[WhiteElo "2179"]
[BlackElo "2444"]
[WhiteTeam "C.E.M.C. Monaco"]
[BlackTeam "NICE Alekhine"]
[WhiteFideId "1301225"]
[BlackFideId "400165"]
[EventDate "2018.05.26"]

1. e4 e5 2. Nf3 Nc6 3. Nc3 Nf6 4. d4 exd4 5. Nxd4 Bb4 6. Nxc6 bxc6 7. Bd3 O-O 8.
O-O Re8 9. Qf3 Rb8 10. h3 Bd6 11. Ne2 Be5 12. c3 d5 13. exd5 cxd5 14. b3 Bb7 15.
Qf5 g6 16. Qg5 Ne4 17. Qxd8 Rbxd8 18. Bxe4 dxe4 19. Be3 a5 20. Rfd1 Rd3 21. Bd4
Bxd4 22. Rxd3 exd3 23. Nxd4 d2 24. Nc2 Re2 25. Rd1 Be4 26. Ne3 Re1+ 0-1

[Event "TCh-FRA Top 12 2018"]
[Site "Brest FRA"]
[Date "2018.06.03"]
[Round "9.1"]
[Board "7"]
[White "Demuth, Adrien"]
[Black "Nelis, Jean-Francois"]
[Result "1/2-1/2"]
[WhiteTitle "GM"]
[WhiteElo "2542"]
[BlackElo "2141"]
[WhiteTeam "NICE Alekhine"]
[BlackTeam "C.E.M.C. Monaco"]
[WhiteFideId "642274"]
[BlackFideId "623830"]
[EventDate "2018.05.26"]

1. g3 c5 2. Bg2 g6 3. c4 Bg7 4. Nc3 Nc6 5. b3 e6 6. Bxc6 bxc6 7. Bb2 e5 8. d3 d6
9. Qd2 h5 10. h3 Nf6 11. f4 exf4 12. gxf4 d5 13. Nf3 O-O 14. O-O-O Re8 15. Ng5
Bf5 16. Rhe1 d4 17. Na4 Qe7 18. Kb1 Nd7 19. Bc1 Nb6 20. Qa5 Nxa4 21. Qxa4 a5 22.
h4 Qf6 23. Nf3 Qd6 1/2-1/2

[Event "TCh-FRA Top 12 2018"]
[Site "Brest FRA"]
[Date "2018.06.03"]
[Round "9.2"]
[Board "1"]
[White "Kryvoruchko, Yuriy"]
[Black "Laznicka, Viktor"]
[Result "1/2-1/2"]
[WhiteTitle "GM"]
[BlackTitle "GM"]
[WhiteElo "2705"]
[BlackElo "2671"]
[WhiteTeam "GRASSE Echecs"]
[BlackTeam "C.E. de BOIS COLOMBES"]
[WhiteFideId "14109182"]
[BlackFideId "316385"]
[EventDate "2018.05.26"]

1. e4 d6 2. d4 Nf6 3. Nc3 e5 4. Nf3 Nbd7 5. Bc4 Be7 6. a4 O-O 7. O-O c6 8. Re1
b6 9. h3 a6 10. Ba2 Rb8 11. Be3 b5 12. axb5 axb5 13. b4 Bb7 14. Bb3 exd4 15.
Nxd4 d5 16. exd5 Bxb4 17. Bd2 cxd5 18. Ncxb5 Bxd2 19. Qxd2 Ne4 20. Qf4 Ndc5 21.
f3 Ng5 22. Qd6 Nge6 23. Qxd8 Rfxd8 24. Ra5 Kf8 25. Rd1 Ra8 26. Rxa8 Rxa8 27. Nd6
Nxd4 28. Rxd4 Nxb3 29. cxb3 Bc6 30. Nf5 g6 1/2-1/2

[Event "TCh-FRA Top 12 2018"]
[Site "Brest FRA"]
[Date "2018.06.03"]
[Round "9.2"]
[Board "4"]
[White "Vernay, Clovis"]
[Black "Dorfman, Iossif"]
[Result "1/2-1/2"]
[WhiteTitle "IM"]
[BlackTitle "GM"]
[WhiteElo "2513"]
[BlackElo "2547"]
[WhiteTeam "C.E. de BOIS COLOMBES"]
[BlackTeam "GRASSE Echecs"]
[WhiteFideId "633046"]
[BlackFideId "604011"]
[EventDate "2018.05.26"]

1. d4 d5 2. Nf3 Nf6 3. c4 e6 4. e3 a6 5. Nbd2 c5 6. cxd5 exd5 7. dxc5 Bxc5 8.
Nb3 Bb6 9. Be2 O-O 10. O-O Nc6 11. Bd2 Ne4 12. Rc1 Re8 13. Be1 Qf6 14. Bc3 Qg6
15. Bd4 Nxd4 16. Nbxd4 Bh3 17. Ne1 Rac8 18. Rxc8 Bxc8 19. Nd3 Rd8 20. Qc2 Qf6
21. Rc1 Bd7 22. Bf3 Bxd4 23. exd4 Qxd4 24. Qc7 Rf8 25. Qxd7 Qxd3 26. Qxb7 Nxf2
27. Bxd5 Nh3+ 28. Kh1 Nf2+ 29. Kg1 Nh3+ 30. Kh1 Nf2+ 31. Kg1 Nh3+ 1/2-1/2

[Event "TCh-FRA Top 12 2018"]
[Site "Brest FRA"]
[Date "2018.06.03"]
[Round "9.2"]
[Board "5"]
[White "Wirig, Anthony"]
[Black "Cornette, Matthieu"]
[Result "1/2-1/2"]
[WhiteTitle "GM"]
[BlackTitle "GM"]
[WhiteElo "2504"]
[BlackElo "2600"]
[WhiteTeam "GRASSE Echecs"]
[BlackTeam "C.E. de BOIS COLOMBES"]
[WhiteFideId "615013"]
[BlackFideId "620084"]
[EventDate "2018.05.26"]

1. Nf3 Nf6 2. g3 g6 3. b3 Bg7 4. Bb2 O-O 5. Bg2 d6 6. d4 c5 7. O-O cxd4 8. Nxd4
d5 9. c4 dxc4 10. Na3 cxb3 11. axb3 Nc6 12. Nxc6 bxc6 13. Nc4 Qxd1 14. Rfxd1 Nd5
15. Bxg7 Kxg7 16. Rdc1 Be6 17. Ne5 Nb4 18. Nxc6 Nxc6 19. Rxc6 Bxb3 20. Rc7 Rac8
21. Raxa7 Rxc7 22. Rxc7 Kf6 1/2-1/2

[Event "TCh-FRA Top 12 2018"]
[Site "Brest FRA"]
[Date "2018.06.03"]
[Round "9.2"]
[Board "6"]
[White "Dionisi, Thomas"]
[Black "Sebag, Marie"]
[Result "1-0"]
[WhiteTitle "FM"]
[BlackTitle "GM"]
[WhiteElo "2399"]
[BlackElo "2486"]
[WhiteTeam "C.E. de BOIS COLOMBES"]
[BlackTeam "GRASSE Echecs"]
[WhiteFideId "651893"]
[BlackFideId "617822"]
[EventDate "2018.05.26"]

1. e4 c5 2. Nf3 d6 3. d4 cxd4 4. Nxd4 Nf6 5. Nc3 a6 6. Be2 e5 7. Nb3 Be7 8. O-O
O-O 9. Be3 Be6 10. Qd2 Nbd7 11. a4 Rc8 12. a5 Qc7 13. Rfd1 Qc6 14. Bf3 Rfe8 15.
Qe1 h6 16. Nc1 Nf8 17. Nd3 N8h7 18. Nb4 Qc7 19. Be2 Ng5 20. f3 Ngh7 21. Qf2 Nf8
22. Bf1 N8d7 23. Qd2 Bf8 24. Rdc1 Red8 25. Na4 Qb8 26. Nb6 Nxb6 27. Bxb6 Re8 28.
c4 Be7 29. Rc3 Nh7 30. Nd5 Bg5 31. Qf2 Bxd5 32. exd5 e4 33. f4 Bf6 34. Rc2 Nf8
35. Rd1 Nd7 36. Be3 Nc5 37. b4 Nd3 38. Bxd3 exd3 39. Rxd3 Re4 40. Bd4 Rce8 41.
h3 Qd8 42. c5 dxc5 43. Bxc5 Qd7 44. d6 Qf5 45. Rcd2 Rxf4 46. d7 Rd8 47. Rf3 Rxf3
48. Qxf3 Qe6 49. Qd1 Be7 50. Bb6 Qf6 51. Bxd8 Bxd8 52. Re2 g6 53. Re4 Qg5 54. h4
Qg3 55. Re8+ Kh7 56. Rxd8 1-0

[Event "TCh-FRA Top 12 2018"]
[Site "Brest FRA"]
[Date "2018.06.03"]
[Round "9.2"]
[Board "7"]
[White "Apicella, Manuel"]
[Black "Travadon, Loic"]
[Result "1/2-1/2"]
[WhiteTitle "GM"]
[BlackTitle "FM"]
[WhiteElo "2513"]
[BlackElo "2377"]
[WhiteTeam "GRASSE Echecs"]
[BlackTeam "C.E. de BOIS COLOMBES"]
[WhiteFideId "600164"]
[BlackFideId "26092131"]
[EventDate "2018.05.26"]

1. c4 Nf6 2. Nf3 e6 3. g3 a6 4. Bg2 b5 5. b3 Bb7 6. O-O c5 7. Bb2 Be7 8. d3 O-O
9. e4 d6 10. Nbd2 Nc6 11. a4 Nd7 12. axb5 axb5 13. cxb5 Na7 14. Ra4 Nxb5 15. Qa1
Bf6 16. d4 cxd4 17. Nxd4 Nxd4 18. Bxd4 Rxa4 19. bxa4 Nc5 20. Bxf6 Qxf6 21. Qxf6
gxf6 22. a5 Ra8 23. Ra1 Kf8 24. f3 Ke7 25. Bf1 Ba6 26. Bxa6 Rxa6 27. Kf2 Kd7 28.
Ke3 Kc6 29. h4 d5 30. exd5+ exd5 31. Kd4 Kd6 32. f4 f5 33. Ra3 h5 34. Nf3 Rxa5
35. Rxa5 Nb3+ 36. Kd3 Nxa5 37. Nd4 Nc6 38. Nxf5+ Ke6 39. Ne3 1/2-1/2

[Event "TCh-FRA Top 12 2018"]
[Site "Brest FRA"]
[Date "2018.06.03"]
[Round "9.2"]
[Board "8"]
[White "Leconte, Maria"]
[Black "Libiszewski, Fabien"]
[Result "0-1"]
[WhiteTitle "WGM"]
[BlackTitle "GM"]
[WhiteElo "2208"]
[BlackElo "2504"]
[WhiteTeam "C.E. de BOIS COLOMBES"]
[BlackTeam "GRASSE Echecs"]
[WhiteFideId "618446"]
[BlackFideId "616834"]
[EventDate "2018.05.26"]

1. e4 g6 2. d4 d6 3. Nc3 Bg7 4. Be3 a6 5. Qd2 b5 6. a4 b4 7. Nce2 a5 8. Ng3 c5
9. Nf3 cxd4 10. Bb5+ Bd7 11. Bxd4 Nf6 12. e5 dxe5 13. Bxe5 Qc8 14. O-O O-O 15.
c3 Rd8 16. Qe2 Nc6 17. Rac1 Bh6 18. Rcd1 Nxe5 19. Nxe5 bxc3 20. bxc3 Be8 21.
Bxe8 Rxe8 22. c4 Qc7 23. f4 Rab8 24. h4 Red8 25. Qf3 Rd6 26. Ne4 Nxe4 27. Qxe4
Rc8 28. f5 Bg7 29. Rde1 Qc5+ 30. Rf2 Rd4 31. Qe2 gxf5 32. Nd3 Qxc4 33. Rc1 Qe6
34. Rxc8+ Qxc8 35. Nf4 Re4 36. Qh5 Qc1+ 0-1

[Event "TCh-FRA Top 12 2018"]
[Site "Brest FRA"]
[Date "2018.06.03"]
[Round "9.3"]
[Board "1"]
[White "Kveinys, Aloyzas"]
[Black "Bluebaum, Matthias"]
[Result "1/2-1/2"]
[WhiteTitle "GM"]
[BlackTitle "GM"]
[WhiteElo "2493"]
[BlackElo "2633"]
[WhiteTeam "Les Tours de Haute Picardie, SAINT QUENTIN"]
[BlackTeam "MULHOUSE Philidor"]
[WhiteFideId "12800040"]
[BlackFideId "24651516"]
[EventDate "2018.05.26"]

1. c4 e6 2. Nf3 d5 3. d4 Nf6 4. g3 dxc4 5. Qa4+ Nbd7 6. Bg2 a6 7. Qxc4 b5 8. Qc6
Rb8 9. Bf4 Nd5 10. Bg5 Be7 11. Bxe7 Qxe7 12. Nc3 Qb4 13. O-O Nxc3 14. bxc3 Qd6
15. Qxd6 cxd6 16. a4 Nb6 17. axb5 axb5 18. Nd2 Bd7 19. Rfb1 Ke7 20. Ra7 Nc8 21.
Raa1 Nb6 22. Ra7 Nc8 1/2-1/2

[Event "TCh-FRA Top 12 2018"]
[Site "Brest FRA"]
[Date "2018.06.03"]
[Round "9.3"]
[Board "2"]
[White "Navara, David"]
[Black "David, Alberto"]
[Result "1-0"]
[WhiteTitle "GM"]
[BlackTitle "GM"]
[WhiteElo "2727"]
[BlackElo "2563"]
[WhiteTeam "MULHOUSE Philidor"]
[BlackTeam "Les Tours de Haute Picardie, SAINT QUENTIN"]
[WhiteFideId "309095"]
[BlackFideId "4000013"]
[EventDate "2018.05.26"]

1. c4 e5 2. g3 Nf6 3. Bg2 h6 4. Nf3 e4 5. Nd4 d5 6. cxd5 Qxd5 7. Nc2 Qh5 8. Ne3
Bh3 9. Qb3 Nbd7 10. Bxh3 Qxh3 11. Qxb7 Rb8 12. Qxc7 Bc5 13. Nc3 O-O 14. Qf4 Bxe3
15. fxe3 Rfe8 16. b3 Ne5 17. Bb2 Nc4 18. O-O-O Qe6 19. bxc4 Qb6 20. Ba1 Qa5 21.
Kc2 Rb4 22. d3 Re6 23. Rhf1 Reb6 24. Qf5 Qa3 25. Rb1 a5 1-0

[Event "TCh-FRA Top 12 2018"]
[Site "Brest FRA"]
[Date "2018.06.03"]
[Round "9.3"]
[Board "3"]
[White "Colin, Vincent"]
[Black "Heimann, Andreas"]
[Result "1/2-1/2"]
[WhiteTitle "IM"]
[BlackTitle "GM"]
[WhiteElo "2386"]
[BlackElo "2589"]
[WhiteTeam "Les Tours de Haute Picardie, SAINT QUENTIN"]
[BlackTeam "MULHOUSE Philidor"]
[WhiteFideId "612324"]
[BlackFideId "24624632"]
[EventDate "2018.05.26"]

1. Nf3 d5 2. e3 c5 3. c4 d4 4. exd4 cxd4 5. g3 Nc6 6. Bg2 e5 7. O-O Bd6 8. d3
Nge7 9. Ng5 O-O 10. Ne4 Bc7 11. Na3 f5 12. Nc5 Kh8 13. Bg5 h6 14. Qh5 Qe8 15.
Qxe8 Rxe8 16. Bd2 Bd6 17. b4 a6 18. Rab1 Rb8 19. Rfc1 Na7 20. Nb3 Nec6 21. c5
Bc7 22. Nc4 Be6 23. a4 e4 24. Nd6 Bxd6 25. cxd6 Bxb3 26. Rxb3 e3 27. Be1 Rbd8
28. b5 axb5 29. axb5 Ne5 30. Rc7 Rxd6 31. Rxb7 Nc8 32. b6 Rxb6 33. R3xb6 Nxb6
34. fxe3 Nxd3 35. Rxb6 Nxe1 36. exd4 Nxg2 37. Kxg2 Re2+ 38. Kf3 Rxh2 39. Kf4 Rd2
40. Ke5 Kg8 41. d5 Kf7 42. d6 1/2-1/2

[Event "TCh-FRA Top 12 2018"]
[Site "Brest FRA"]
[Date "2018.06.03"]
[Round "9.3"]
[Board "4"]
[White "Riff, Jean-Noel"]
[Black "Chabanon, Jean-Luc"]
[Result "1/2-1/2"]
[WhiteTitle "GM"]
[BlackTitle "GM"]
[WhiteElo "2507"]
[BlackElo "2450"]
[WhiteTeam "MULHOUSE Philidor"]
[BlackTeam "Les Tours de Haute Picardie, SAINT QUENTIN"]
[WhiteFideId "611190"]
[BlackFideId "600075"]
[EventDate "2018.05.26"]

1. e4 c6 2. d4 d5 3. Nc3 dxe4 4. Nxe4 Bf5 5. Ng3 Bg6 6. Nf3 e6 7. Bd3 Bxd3 8.
Qxd3 Nd7 9. O-O Ngf6 10. c4 Bd6 11. Re1 O-O 12. Bg5 Qc7 13. Ne4 Nxe4 14. Rxe4
Rfe8 15. Rae1 Bb4 16. Rd1 Bf8 1/2-1/2

[Event "TCh-FRA Top 12 2018"]
[Site "Brest FRA"]
[Date "2018.06.03"]
[Round "9.3"]
[Board "5"]
[White "Godart, Francois"]
[Black "Istratescu, Andrei"]
[Result "1/2-1/2"]
[WhiteTitle "IM"]
[BlackTitle "GM"]
[WhiteElo "2420"]
[BlackElo "2589"]
[WhiteTeam "Les Tours de Haute Picardie, SAINT QUENTIN"]
[BlackTeam "MULHOUSE Philidor"]
[WhiteFideId "208078"]
[BlackFideId "1200372"]
[EventDate "2018.05.26"]

1. d4 Nf6 2. c4 g6 3. g3 c5 4. d5 d6 5. Nc3 Bg7 6. Bg2 O-O 7. Nf3 e6 8. O-O exd5
9. cxd5 Re8 10. Bf4 Ne4 11. Nxe4 Rxe4 12. Nd2 Rb4 13. Rb1 g5 14. Be3 Bf5 15. a3
Rxb2 16. Rxb2 Bxb2 17. Ne4 Bxe4 18. Bxe4 h6 19. h4 gxh4 20. Bxh6 Bg7 21. Bxg7
Kxg7 22. Bf5 Nd7 23. Qa4 Ne5 24. f4 Ng6 25. Bxg6 fxg6 26. f5 Qg5 27. Qd7+ Kh6
28. f6 Qe3+ 29. Kh1 Qe4+ 30. Kg1 Qe3+ 31. Kh1 Qe4+ 32. Rf3 1/2-1/2

[Event "TCh-FRA Top 12 2018"]
[Site "Brest FRA"]
[Date "2018.06.03"]
[Round "9.3"]
[Board "6"]
[White "Burri, Quentin"]
[Black "Marcelin, Cyril"]
[Result "0-1"]
[WhiteTitle "FM"]
[BlackTitle "GM"]
[WhiteElo "2434"]
[BlackElo "2462"]
[WhiteTeam "MULHOUSE Philidor"]
[BlackTeam "Les Tours de Haute Picardie, SAINT QUENTIN"]
[WhiteFideId "26028654"]
[BlackFideId "607274"]
[EventDate "2018.05.26"]

1. e4 e6 2. d4 d5 3. Nd2 c5 4. exd5 exd5 5. Ngf3 Nc6 6. Bb5 Qe7+ 7. Be2 Qc7 8.
O-O Nf6 9. dxc5 Bxc5 10. Nb3 Be7 11. Nbd4 O-O 12. h3 h6 13. c3 Bd7 14. Bd3 Rfe8
15. Nf5 Bxf5 16. Bxf5 Bc5 17. Qa4 Ne4 18. Nd4 Nxd4 19. cxd4 Bb6 20. Rd1 Rad8 21.
Qa3 Qc6 22. Be3 Qf6 23. Bg4 Nd6 24. b3 Nf5 25. Bxf5 Qxf5 26. Qb4 Re6 27. Qb5 Rc8
28. a4 Rc2 29. Qd7 Qe4 30. Rac1 Rg6 31. g4 Qf3 32. g5 Rxg5+ 0-1

[Event "TCh-FRA Top 12 2018"]
[Site "Brest FRA"]
[Date "2018.06.03"]
[Round "9.3"]
[Board "7"]
[White "Geenen, Marc"]
[Black "Gatineau, Yovann"]
[Result "1-0"]
[WhiteTitle "FM"]
[BlackTitle "FM"]
[WhiteElo "2238"]
[BlackElo "2367"]
[WhiteTeam "Les Tours de Haute Picardie, SAINT QUENTIN"]
[BlackTeam "MULHOUSE Philidor"]
[WhiteFideId "200085"]
[BlackFideId "26028999"]
[EventDate "2018.05.26"]

1. e4 c5 2. Nf3 e6 3. d4 cxd4 4. Nxd4 Nf6 5. Nc3 Nc6 6. Ndb5 d6 7. Bf4 e5 8. Bg5
a6 9. Na3 b5 10. Bxf6 gxf6 11. Nd5 Bg7 12. Bd3 Ne7 13. Nxe7 Qxe7 14. O-O f5 15.
c4 O-O 16. Qf3 Re8 17. Rfe1 Rb8 18. exf5 bxc4 19. Nxc4 Rb4 20. b3 Qd8 21. Rad1
d5 22. Be4 d4 23. Bc6 Rf8 24. Nxe5 Qg5 25. Bd5 Bxf5 26. Nxf7 Qf6 27. Nh6+ Kh8
28. Nxf5 Qxf5 29. Qxf5 Rxf5 30. Re8+ Bf8 31. Bc4 Kg7 32. Rxd4 Rb6 33. Rd7+ Kh6
34. Bd3 Rff6 35. Rxh7+ Kg5 36. h4+ Kg4 37. Re4+ Kf5 38. g4+ Kg6 39. Re6# 1-0

[Event "TCh-FRA Top 12 2018"]
[Site "Brest FRA"]
[Date "2018.06.03"]
[Round "9.3"]
[Board "8"]
[White "Haussernot, Cecile"]
[Black "Bolon, Karelle"]
[Result "0-1"]
[WhiteTitle "WIM"]
[BlackTitle "WFM"]
[WhiteElo "2189"]
[BlackElo "1994"]
[WhiteTeam "MULHOUSE Philidor"]
[BlackTeam "Les Tours de Haute Picardie, SAINT QUENTIN"]
[WhiteFideId "601632"]
[BlackFideId "634514"]
[EventDate "2018.05.26"]

1. e4 c5 2. Nf3 e6 3. d4 cxd4 4. Nxd4 Qb6 5. Nb3 Qc7 6. g3 Nf6 7. Bg2 Be7 8. Nc3
a6 9. O-O Nc6 10. Qe2 d6 11. a4 b6 12. Be3 Bb7 13. Nd2 Ne5 14. h3 Rc8 15. Rfe1
O-O 16. f4 Ned7 17. g4 d5 18. exd5 exd5 19. g5 Ne4 20. Ncxe4 dxe4 21. Nxe4 Qxc2
22. Nf6+ gxf6 23. Bxb7 Qxe2 24. Rxe2 Rc7 25. Bxa6 Nc5 26. Bb5 fxg5 27. fxg5 Rd8
28. Bf4 Ra7 29. Rae1 Ne6 30. Be5 Bxg5 31. Rg2 Rd2 32. Rg4 Kf8 33. Bc3 Rd5 34.
Bc4 h5 35. Rg2 Rf5 36. Bb4+ Be7 37. Rxe6 Bxb4 38. Rh6 Bc5+ 39. Kh2 Rxa4 40. Bb5
Ra1 41. Re2 Bg1+ 42. Kg2 Rxb5 0-1

[Event "TCh-FRA Top 12 2018"]
[Site "Brest FRA"]
[Date "2018.06.03"]
[Round "9.4"]
[Board "1"]
[White "Jobava, Baadur"]
[Black "Cossin, Sebastien"]
[Result "0-1"]
[WhiteTitle "GM"]
[BlackTitle "IM"]
[WhiteElo "2663"]
[BlackElo "2498"]
[WhiteTeam "Tremblay en France"]
[BlackTeam "VANDOEUVRE-Echecs"]
[WhiteFideId "13601520"]
[BlackFideId "618802"]
[EventDate "2018.05.26"]

1. d4 Nf6 2. c4 g6 3. Nc3 Bg7 4. e4 d6 5. f4 O-O 6. Nf3 c5 7. d5 b5 8. Qc2 b4 9.
Nd1 b3 10. axb3 Na6 11. Nf2 Nb4 12. Qb1 e6 13. dxe6 fxe6 14. Be2 e5 15. fxe5 Ng4
16. Bg5 Qc7 17. Nd3 Bb7 18. e6 h6 19. Nxb4 cxb4 20. h3 Nf2 21. Kxf2 hxg5 22. Rd1
Qc5+ 23. Ke1 Be5 24. Rd5 Bxd5 25. exd5 Kg7 26. Kd2 Rf4 27. Qg1 Bd4 28. Nxd4
Rxd4+ 29. Kc2 a5 30. Rd1 Rxd1 31. Qxc5 dxc5 32. Bxd1 Kf6 33. Kd2 Ke7 34. Bc2 Rf8
35. Ke3 Rf6 36. Bd3 Kd6 37. g3 g4 38. hxg4 g5 39. Be2 Rh6 40. Kd2 Rh3 41. Bd1
Rxg3 42. Kc2 Rg2+ 43. Kc1 Rf2 44. Kb1 Rf4 45. Ka2 Rf1 46. Be2 Re1 47. Bd3 Re3
48. Bc2 Re2 49. Bd1 Re1 50. Bf3 Ke7 0-1

[Event "TCh-FRA Top 12 2018"]
[Site "Brest FRA"]
[Date "2018.06.03"]
[Round "9.4"]
[Board "2"]
[White "Donchenko, Alexander"]
[Black "Piorun, Kacper"]
[Result "1/2-1/2"]
[WhiteTitle "GM"]
[BlackTitle "GM"]
[WhiteElo "2587"]
[BlackElo "2633"]
[WhiteTeam "VANDOEUVRE-Echecs"]
[BlackTeam "Tremblay en France"]
[WhiteFideId "24603295"]
[BlackFideId "1130420"]
[EventDate "2018.05.26"]

1. d4 d5 2. c4 e6 3. Nf3 Nf6 4. g3 dxc4 5. Bg2 a6 6. O-O Nc6 7. e3 Rb8 8. Nfd2
Qd7 9. Nxc4 b5 10. Ncd2 Be7 11. Nf3 O-O 12. b3 Rd8 13. Qe2 Bb7 14. Bb2 Qe8 15.
Nbd2 Na7 16. Rfd1 Rbc8 17. a4 Nd7 18. axb5 Nxb5 19. Ne1 Bxg2 20. Kxg2 Ra8 21.
Nd3 c5 22. dxc5 Bxc5 23. Ra4 Bf8 24. Rda1 Nc7 25. Rc1 Nb5 1/2-1/2

[Event "TCh-FRA Top 12 2018"]
[Site "Brest FRA"]
[Date "2018.06.03"]
[Round "9.4"]
[Board "4"]
[White "Hamitevici, Vladimir"]
[Black "Bellaiche, Anthony"]
[Result "0-1"]
[WhiteTitle "GM"]
[BlackTitle "IM"]
[WhiteElo "2508"]
[BlackElo "2459"]
[WhiteTeam "VANDOEUVRE-Echecs"]
[BlackTeam "Tremblay en France"]
[WhiteFideId "13902393"]
[BlackFideId "615668"]
[EventDate "2018.05.26"]

1. c4 e6 2. g3 Nf6 3. Nf3 d5 4. b3 c5 5. Bg2 Nc6 6. O-O d4 7. e3 Be7 8. exd4
cxd4 9. d3 O-O 10. Qe2 Nd7 11. Na3 e5 12. Nc2 a5 13. Rb1 f6 14. a3 Nc5 15. b4
axb4 16. axb4 Na4 17. Bd2 Bg4 18. h3 Bh5 19. Rfe1 Re8 20. Qf1 Qc8 21. Nh4 Bf7
22. Be4 Bf8 23. Qg2 g6 24. f4 exf4 25. gxf4 Nc3 26. Bxc3 dxc3 27. b5 Nd8 28. Ne3
Kh8 29. f5 g5 30. Nf3 Bc5 31. Kh1 Bxe3 32. Rxe3 Qc5 33. Ree1 Bh5 34. Rbc1 Nf7
35. Rxc3 Nd6 36. Rcc1 Nxe4 37. dxe4 Ra2 38. Re2 Ra3 39. Rf2 Rxe4 40. Ng1 Rh4 41.
Re1 Bf7 42. Rf3 Rxf3 43. Qxf3 Rxc4 0-1

[Event "TCh-FRA Top 12 2018"]
[Site "Brest FRA"]
[Date "2018.06.03"]
[Round "9.4"]
[Board "5"]
[White "Bellahcene, Bilel"]
[Black "Solodovnichenko, Yuri"]
[Result "1-0"]
[WhiteTitle "GM"]
[BlackTitle "GM"]
[WhiteElo "2488"]
[BlackElo "2531"]
[WhiteTeam "Tremblay en France"]
[BlackTeam "VANDOEUVRE-Echecs"]
[WhiteFideId "696358"]
[BlackFideId "14104369"]
[EventDate "2018.05.26"]

1. e4 g6 2. d4 d6 3. Nc3 Bg7 4. f4 a6 5. Nf3 b5 6. Bd3 Nd7 7. e5 Nh6 8. Qe2 O-O
9. Be3 Nb6 10. h3 f6 11. g4 Bb7 12. O-O-O Qc8 13. Ne4 Nd5 14. Kb1 Nb4 15. Rhf1
Nf7 16. f5 fxe5 17. dxe5 Nxe5 18. Nxe5 Bxe5 19. Bh6 Re8 20. Ng5 Bd5 21. c4 bxc4
22. Bxc4 Qb7 23. Rxd5 Nxd5 24. fxg6 hxg6 25. Qc2 Kh8 26. Bxd5 1-0

[Event "TCh-FRA Top 12 2018"]
[Site "Brest FRA"]
[Date "2018.06.03"]
[Round "9.4"]
[Board "6"]
[White "Iglesias, Joachim"]
[Black "Abergel, Thal"]
[Result "1/2-1/2"]
[BlackTitle "GM"]
[WhiteElo "2249"]
[BlackElo "2429"]
[WhiteTeam "VANDOEUVRE-Echecs"]
[BlackTeam "Tremblay en France"]
[WhiteFideId "637823"]
[BlackFideId "614890"]
[EventDate "2018.05.26"]

1. d4 Nf6 2. Bg5 e6 3. Nd2 c5 4. e3 Nc6 5. Ngf3 d6 6. dxc5 d5 7. c4 Bxc5 8. cxd5
exd5 9. Be2 O-O 10. O-O Be6 11. Nb3 Be7 12. Nbd4 Rc8 13. Rc1 Ne4 14. Bxe7 Qxe7 1/2-1/2